000 00416nam a2200157Ia 4500
003 GCL
008 140319s9999 xx 000 0 eng d
040 _aGCL /
_cGCL
082 0 4 _a370.19
_bT I
100 1 _aTHOMAS, R. MURRAY
245 1 0 _aINTERNATIONAL COMPARATIVE EDUCATION /
_cTHOMAS, R. MURRAY
260 _a[S.N] :
_bLINACRE HOUSE
650 0 4 _aEDUCATION
650 0 4 _aCOMPARATIVE EDUCATION
942 _2ddc
_cBK
999 _c11184
_d11184